000 00767nam a2200277Ia 4500
003 OSt
005 20221006153207.0
006 a|||||r|||| 00| 0
007 ta
008 221006b |||||||| |||| 00| 0 kor d
020 _a9788958280712
_cW 15,000
024 _a31,568
037 _bGift, Korean Embassy
_cTextual
040 _aEASL
_cEASL
_bkor
041 _2kor
_akor
082 _aMY495, P5
100 _aJOO Yeong-Ha Au.
_9662845
245 0 _aKeurim Sokui Eumsik , Eumsik Sokui Yeoksa
260 _aPaju
_bSagyejeol Korea
_c2005
300 _a279p.
_ccm.
490 _v KL
650 _a KL
650 _aKorean food
_9654103
942 _hMY495, P5
_cTEXL
_2CC
999 _c1099654
_d1099654